Muži majú radi ženy, ktoré sa majú rady (a ďalšie tajomstvá múdrych žien)

Bibliographic Details
Main Authors: Carter, Steven (Author), Sokol, Julia (Author)
Other Authors: Mayer, Katarína (Translator)
Format: Book
Language:Slovak
English
PhysicalDescription:206 strán 21 cm
Published: V Bratislave NOXI 2019
ISBN:9788081115127
Edition:Prvé vydanie
Subjects:

MARC

LEADER 00000cam a2200000 4500
001 vtls011869511
003 SK-MaSNL
005 20260301144224.0
008 210624s2019 xo grf 010 0 slo
015 |a SNBA2019/10 
020 |a 9788081115127  |q (viazané) 
035 |a BCB98580-8E6B-4B26-A65E-6EEF16B6117C 
035 |a urn:nbn:sk:snk-am3iey1 
035 |a urn:nbn:sk:snk-am00e7fc 
040 |a SNK  |b slo  |c SNK  |e rda 
041 1 |a slo  |h eng 
044 |a xo  |c SK 
072 7 |a 316.4/.7  |x Sociálne interakcie  |2 konspekt 
080 |a 316.346.2  |2 2011 
080 |a 177.6  |2 2011 
080 |a 316.772.4  |2 2011 
080 |a 316.474  |2 2011 
080 |a 316.48  |2 2011 
080 |a (035)  |2 2011 
100 1 |a Carter, Steven  |4 aut  |9 502203 
240 1 0 |a Men like women who like themselves (and others secrets that the smartest women know)  |l Slovensky 
245 1 0 |a Muži majú radi ženy, ktoré sa majú rady  |b (a ďalšie tajomstvá múdrych žien)  |c Steven Carter & Julia Sokol ; z anglického originálu Men like women who like themselves (and others secrets that the smartest women know) preložila Katarína Mayer 
250 |a Prvé vydanie 
264 1 |a V Bratislave  |b NOXI  |c 2019 
300 |a 206 strán  |c 21 cm 
336 |a text  |b txt  |2 rdacontent 
337 |a bez média  |b n  |2 rdamedia 
338 |a zväzok  |b nc  |2 rdacarrier 
650 0 7 |a muži a ženy  |2 SNKPH  |9 4886 
650 0 7 |a partnerské vzťahy  |2 SNKPH  |9 2250 
650 0 7 |a interpersonálna komunikácia  |2 SNKPH  |9 2690 
650 0 7 |a partnerský výber  |2 SNKPH  |9 4920 
650 0 7 |a interpersonálne konflikty  |2 SNKPH  |9 4475 
650 0 7 |a Men and women  |2 SNKPHeng  |9 268440 
650 0 7 |a Partner relationships  |2 SNKPHeng  |9 284534 
650 0 7 |a Interpersonal communication  |2 SNKPHeng  |9 306572 
650 0 7 |a Mate selection  |2 SNKPHeng  |9 303612 
650 0 7 |a Interpersonal conflicts  |2 SNKPHeng  |9 330623 
700 1 |a Sokol, Julia  |4 aut  |9 502204 
700 1 |a Mayer, Katarína  |4 trl  |9 363409 
752 |a Slovensko  |d Bratislava 
919 |a 978-80-8111-512-7 
999 |c 776439  |d 778369 
952 |a SNK  |b SNK  |y PREZ  |7 0  |p 17A1377476  |o snkSC 185902  |i snk2019/24441  |8 0  |0 0  |1 0  |4 0  |d 2019-09-30  |f 1  |l 0  |r 2026-02-24 00:50:18  |w 2026-02-24 
952 |a SNK  |b SNK  |y VYP  |7 0  |p 17A1377477  |o snkSC 185902 D1  |i snk2019/24442  |8 0  |0 0  |1 0  |4 0  |d 2019-09-30  |l 0  |r 2026-02-24 00:50:18  |w 2026-02-24